| 000 | 00618nam a22001457a 4500 | ||
|---|---|---|---|
| 082 |
_a823 _bROW/C |
||
| 100 | _aROWLING,J.K | ||
| 245 | _aTHE CHRISTMAS PIG | ||
| 246 |
_aTHE CHRISTMAS PIG _bTHE CHRISTMAS PIG |
||
| 260 |
_aU K _bLITTLE BROWN BOOKS _c2021 |
||
| 300 | _a311 | ||
| 520 | _aIt's the story of a little boy called Jack, and his beloved toy, Dur Pig, and the toy that replaces Dur Pig when he's lost on Christmas Eve – the Christmas Pig. Although the story is invented, the initial inspiration came from a real toy, or rather, pair of toys, which belonged to my son. | ||
| 650 | _aENGLISH STORY | ||
| 942 | _cBK | ||
| 999 |
_c8573 _d8573 |
||